000
00323 a2200145 4500
001
179618
020
_a
040
_c
Magnum
100
_a
Albuquerque, Irene de
240
1
0
_a
Um peixinho diferente
_l
por
245
1
0
_a
Um peixinho diferente
362
0
_a
1899
697
_a
MAGNITO: IJ/AVENTURA, CRIANCAS
942
_c
BK
999
_c
179618
_d
179618